000 00955nam a2200229Ii 4500
003 JO-AjNU
008 230605s9999||||xx |||||||||||||| ||und||
017 _a1993/10998
020 _a977-200-073-3
040 _aJO-AjNU
_bara
_erda
_cJO-AjNU
041 _aara
050 1 4 _aLB1513.T32 1994
100 3 _aعبود،عبد الغني مؤلف/إبراهيم،رضا أحمد م.مشارك/صالح،مرفت صالح م.مشارك/محمد،سليمان عبد ربه م.مشارك/عيد،رمضان أحمد م.مشارك,
_eauthor
_919520
245 0 0 _aالتعليم في المرحلة الأولى وإتجاهات تطويره
250 _aط1
264 3 1 _aالقاهرة:مكتبة النهضة المصرية،1994
300 _a252ص
336 _atext
_btxt
_2rdacontent
337 _aunmediated
_bn
_2rdamedia
338 _avolume
_bnc
_2rdacarrier
650 4 _aالتعليم الابتدائي-التخطيط التربوي
_919521
999 _aA6456
_c10024
_d10024